000 00534nam a2200193 i 4500
001 35554
003 ES-MaACL
005 20250804063354.0
007 t|
008 030213s1970 sp ||||1| spa d
100 1 _aBosch, Andrés,
_d1926-1984
_9160182
245 1 3 _aEl mago y la llama
_b: novela /
_cAndrés Bosch.
250 _a1ª ed.
260 _aBarcelona :
_bPlaneta,
_c[1970]
300 _a391 p. ;
_c19 cm.
500 _aPremio Olimpia 1970.
852 _aES-MaACL
_jC-39939
_bR.75746
999 _c35554
_d35554